000 00488nmm a2200157Ia 4500
008 251105s9999||||xx |||||||||||||||||und||
020 _a9781558859630
041 _aeng
100 _aGarcia, Robert
245 0 _aMan of the People :
_b The Autobiography of Congressman Robert Garcia
264 _a[Washington, Estados Unidos] :
_bArte Público Press,
_c2023
300 _a193 páginas
650 _aBiography
856 _uhttps://public.digitaliapublishing.com/a/127818
942 _cCF
999 _c74974
_d74974